The motion picture mega-industry /

"The Motion Picture Mega-Industry is a lively, up-to-date, thorough analysis of the U.S. motion picture industry that is the showcase of mass media for the 21st century. It examines the industry from an industrial organization approach and highlights many critical features of this remarkable an...

முழு விளக்கம்

Saved in:
நூற்பட்டியல் விவரங்கள்
தலைமை எழுத்தாளர்: Litman, Barry Russell.
வடிவம்: புத்தகம்
மொழி:English
வெளியீடப்பட்டது: Boston : Allyn and Bacon, c1998.
பகுதிகள்:
குறியீடுகள்: குறிச்சொல் இணை
குறியீடுகள் இல்லை, இந்த குறிச்சொல்லை முதலில் பதிவு செய்யுங்கள்!
LEADER 01928cam a2200277 a 4500
001 007735741-8
005 20020606104010.5
008 970624s1998 maua b 001 0 eng
010 |a  97022703  
020 |a 0205200265 
035 0 |a ocm37226827 
040 |a DLC  |c DLC  |d C#P  |d HBS 
043 |a n-us--- 
050 0 0 |a PN1993.5.U6  |b L53 1998 
082 0 0 |a 384.8/0973  |2 21 
100 1 |a Litman, Barry Russell. 
245 1 4 |a The motion picture mega-industry /  |c Barry R. Litman. 
260 |a Boston :  |b Allyn and Bacon,  |c c1998. 
300 |a xii, 321 p. :  |b ill. ;  |c 23 cm. 
504 |a Includes bibliographical references and index. 
505 0 |a Business history of the industry -- The current structure of the industry -- The conduct and performance of the industry -- Famous antitrust cases -- The other exhibition windows -- Merger madness -- The wages of synergy : integration into broadcast networking by Warner Brothers, Disney, and Parmount -- Consumer selection of motion pictures -- Predicting financial success of motion pictures : the early '90s experience -- The story of censorship and the American film industry : license to kill, license to lust -- Hollywood and the business of making movies : the relationship between film content and economic factors -- Microeconomic foundations -- The industrial organization model -- The merger guidelines. 
520 1 |a "The Motion Picture Mega-Industry is a lively, up-to-date, thorough analysis of the U.S. motion picture industry that is the showcase of mass media for the 21st century. It examines the industry from an industrial organization approach and highlights many critical features of this remarkable and interesting industry."--Jacket. 
650 0 |a Motion picture industry  |z United States. 
776 0 8 |i Online version:  |a Litman, Barry Russell.  |t Motion picture mega-industry.  |d Boston : Allyn and Bacon, ©1998  |w (OCoLC)605371163 
988 |a 20020608 
906 |0 DLC